Nguyên lý căn bản và ứng dụng mạch điện tử

Đã lưu trong:
書目詳細資料
主要作者: Đỗ, Thanh Hải
格式: 圖書
語言:Undetermined
出版: Hà Nội Thống kê 2007
主題:
標簽: 添加標簽
沒有標簽, 成為第一個標記此記錄!
Thư viện lưu trữ: Trung tâm Học liệu Trường Đại học Cần Thơ
LEADER 00585nam a2200193Ia 4500
001 CTU_154701
008 210402s9999 xx 000 0 und d
020 |c 70000 
082 |a 621.3815 
082 |b H103/T.1 
100 |a Đỗ, Thanh Hải 
245 0 |a Nguyên lý căn bản và ứng dụng mạch điện tử 
245 0 |c Đỗ Thanh Hải, Phạm Đình Bảo 
260 |a Hà Nội 
260 |b Thống kê 
260 |c 2007 
650 |a Electronic circuits 
904 |i Bạch Trúc 
980 |a Trung tâm Học liệu Trường Đại học Cần Thơ